000 00217 a2200097 4500
020 _a9780329156572
041 _aspa
100 _aReilly Giff, Patricia
245 _aLeones perezosos, corderos afortunados
942 _cBK
999 _c30901
_d30899